| 000 | 00729nam a2200193Ia 4500 | ||
|---|---|---|---|
| 001 | 20994 | ||
| 003 | GE_BSU | ||
| 008 | 181216s||||||||xx |||||||||||||| ||und|| | ||
| 040 | _cGE_BSU | ||
| 245 | _aენა და კულტურა № 13. 2015 | ||
| 245 | _bსამეცნიერო რეფერირებადი ჟურნალი | ||
| 245 | _cმთ.რედ. მანანა მიქაძე | ||
| 250 | _aჰუმანიტარ. და პედაგ. მეცნიერ. განვით. ფონდი | ||
| 260 | _aქუთაისი | ||
| 260 | _c2015 | ||
| 300 | _a188 გვ. ; 29 სმ. | ||
| 653 | _aენა და კულტურა № 13. 2015 | ||
| 942 | _cCR | ||
| 999 |
_c53943 _d53943 |
||